Catálogo
 En Linea

Federico García Lorca : (Registro nro. 19475)

Detalles MARC
000 -CABECERA
campo de control de longitud fija 00864nam a2200253 a 4500
001 - NÚMERO DE CONTROL
campo de control 000019962
005 - FECHA Y HORA DE LA ÚLTIMA TRANSACCIÓN
campo de control 20240226144327.0
008 - DATOS DE LONGITUD FIJA--INFORMACIÓN GENERAL
campo de control de longitud fija 100709s1968 sp 001 e spa d
040 ## - FUENTE DE LA CATALOGACIÓN
Centro catalogador/agencia de origen DO-SdBNP
Lengua de catalogación spa
Centro/agencia transcriptor BNPHU
082 ## - NÚMERO DE LA CLASIFICACIÓN DECIMAL DEWEY
Número de clasificación 864.6
Número de documento/Ítem D542f, 1968
049 ## - FONDOS LOCALES (OCLC)
Fondos de biblioteca BNGR
100 1# - ENTRADA PRINCIPAL--NOMBRE DE PERSONA
Nombre de persona Díaz-Plaja, Guillermo,
Fechas asociadas al nombre 1909-1984
9 (RLIN) 16967
245 10 - MENCIÓN DE TÍTULO
Título Federico García Lorca :
Resto del título su obra e influencia en la poesía española /
Mención de responsabilidad, etc. Guillermo Díaz-Plaja.
250 ## - MENCIÓN DE EDICIÓN
Mención de edición 4a ed.
260 ## - PUBLICACIÓN, DISTRIBUCIÓN, ETC.
Lugar de publicación, distribución, etc. Madrid :
Nombre del editor, distribuidor, etc. Espasa-Calpe,
Fecha de publicación, distribución, etc. 1968.
300 ## - DESCRIPCIÓN FÍSICA
Extensión 224, [13] p. ;
Dimensiones 18 cm.
490 1# - MENCIÓN DE SERIE
Mención de serie Austral. Verde: ensayos y filosofía
Designación de volumen o secuencia 1221
500 ## - NOTA GENERAL
Nota general Incluye índice de autores.
600 #0 - PUNTO DE ACCESO ADICIONAL DE MATERIA--NOMBRE DE PERSONA
Nombre de persona García Lorca, Federico,
Fechas asociadas al nombre 1898-1936
9 (RLIN) 14727
650 #4 - PUNTO DE ACCESO ADICIONAL DE MATERIA--TÉRMINO DE MATERIA
Término de materia o nombre geográfico como elemento de entrada Ensayos españoles
9 (RLIN) 3095
650 #4 - PUNTO DE ACCESO ADICIONAL DE MATERIA--TÉRMINO DE MATERIA
Término de materia o nombre geográfico como elemento de entrada Literatura española
9 (RLIN) 632
830 #0 - PUNTO DE ACCESO ADICIONAL DE SERIE-TÍTULO UNIFORME
Título uniforme Austral.
Nombre de parte o sección de la obra Verde: ensayos y filosofía;
Designación de volumen o secuencia 1221
9 (RLIN) 8733
910 ## - DATOS DE OPCIÓN DEL USUARIO (OCLC)
Datos de opción del usuario WM
Existencias
Estado de retiro Estado de pérdida Restricciones de uso No para préstamo Código de colección Localización permanente Ubicación/localización actual Ubicación en estantería Fecha de adquisición Número de inventario Total de préstamos Signatura topográfica completa Código de barras Fecha visto por última vez Precio válido a partir de Tipo de ítem Koha
        Monografías: Libros y Folletos General General Depósito 09.07.2010 LF1   864.6 D542f, 1968 19962-10 25.06.2020 25.06.2020 Préstamo en sala

Con tecnología Koha